| 000 | 00789nas a2200265 4500 | ||
|---|---|---|---|
| 001 | BR2014001624 | ||
| 003 | BR-BrBNA | ||
| 005 | 20231205123813.0 | ||
| 007 | ta | ||
| 008 | 230509b bl.|||p| |||| 00| 00por d | ||
| 040 |
_aBR-BrBNA _bpor _cBiblioteca Nacional de Agricultura |
||
| 041 | _a(Pt) | ||
| 072 | _aQ04 | ||
| 100 | 1 | _aDiniz, A.P.C. | |
| 100 | 1 | _aFigueira, R. | |
| 100 | 1 | _aVenturini Filho, W.G. | |
| 245 | 1 | _aDeterminação do valor energético em bebidas de maracujá | |
| 650 | _aANÁLISE DE ALIMENTO | ||
| 650 | _aCALORIA | ||
| 650 | _aSUCO DE FRUTA | ||
| 650 | _aVALOR NUTRITIVO | ||
| 773 | 0 |
_tEnergia na Agricultura (Brazil) _xISSN 1808-8759 _g(Jan-Mar 2013), v. 28(1) p. 47-51 _wBR2014001624 |
|
| 909 |
_a202311 _bLúcia _c55 _dLúcia Elande |
||
| 942 |
_2AGRIS _n0 _cANA |
||
| 999 |
_c235785 _d235785 |
||